01944nam a2200289 a 4500001001500000005001700015008004100032020003600073020003000109040000600139050001000145082001200155100001700167245010300184260004900287300002100336520099400357650002101351650001401372650001001386650001301396650002201409856008201431942001201513999001701525952011201542ASIN110703296220170105102934.0150819s2013 xxu eng d a1107032962 (hardcover)c$104.99 a9781107032965 (hardcover) a004aJQ23104a320.9541 aTudor, Maya.14aThe promise of power :bthe origins of democracy in india and autocracy in pakistan /cMaya Tudor. a[S.l.] :bCambridge University Press,c2013. a254 p. ;c24 cm. aUnder what conditions are some developing countries able to create stable democracies while others are perpetually prone to instability and authoritarianism? Despite broadly similar historical and political legacies, India's and Pakistan's regimes diverged radically after independence. In The Promise of Power, Maya Tudor seeks to explain why this occurred through a comparative historical analysis. Drawing on interviews, colonial records and early government documents, Tudor challenges the prevailing explanations of democratization, which attribute political outcomes directly to low levels of economic development and high levels of inequality. Instead, she suggests that the emergence of a stable democracy in India and an unstable autocracy in Pakistan is best explained by the historically-specific interests of the dominant social group which led each independence movement as well as by the varying strength of the political parties which were created to pursue those interests. 0aAuthoritarianism 0aDemocracy 0aIndia 0aPakistan 0aPolitical science403Amazon.comuhttp://www.amazon.com/exec/obidos/ASIN/1107032962/chopaconline-20 2ddccBK c16180d16180 001040708NFICaCIPSbCIPScGENd2015-08-19l0o320.954 TUD 2013pCIPS0002633r2015-08-19w2015-08-19yBK